| 000 | 00668nam a2200181 a 4500 | ||
|---|---|---|---|
| 001 | 000020766 | ||
| 005 | 20200930011146.0 | ||
| 008 | 100813s2015 dr a 000 0 spa d | ||
| 020 | _a9789945084450 | ||
| 040 |
_aDO-SdBNP _bspa _cBNPHU |
||
| 082 |
_axxx _bxxx |
||
| 100 | 1 |
_aTatis Cruz, Rafael _943530 |
|
| 245 | 1 | 0 |
_aEl huerto familiar : _bguía de cultivo de hortaliza y hierbas aromáticas para autoconsumo / _cRafael Tatis Cruz; edición Patricia Tatis. |
| 260 |
_aGurabo, Santiago de los Caballero, República Dominicana : _bWikiprint, _c2015. |
||
| 300 |
_a133 p. : _bil. ; _c28 cm. |
||
| 504 | _aBibliografía : p. 129-133 | ||
| 700 | 1 | 2 |
_aTatis, Patricia _eed. _943531 |
| 999 |
_c20270 _d20270 |
||